[Event "25th Belgrade Trophy"]
[Site "Obrenovac SRB"]
[Date "2011.12.01"]
[Round "8.46"]
[White "Stojkovic,Mil SCG"]
[Black "Stojanovic,Vlastimir"]
[Result "0-1"]
[WhiteElo "1997"]
[BlackElo "2123"]

1.d4 d5 2.c4 c6 3.Nf3 Nf6 4.g3 Bg4 5.Bg2 Nbd7 6.O-O e6 7.h3 Bh5 8.Nc3 Be7
9.Bf4 O-O 10.a4 Qb6 11.a5 Qd8 12.c5 Ne4 13.Nxe4 dxe4 14.Nd2 g5 15.Be3 f5
16.f4 Nf6 17.Nc4 Nd5 18.Qd2 Bf6 19.b4 Nxe3 20.Nxe3 Qxd4 21.Rad1 Qxd2 22.Rxd2 Bc3
23.Rd7 Bxb4 24.g4 Bxc5 25.gxh5 Bxe3+ 26.Kh1 gxf4 27.Rfd1 Rf7 28.h6 Re8 29.h4 Ree7
30.Rd8+ Rf8 31.R8d7 Kf7 32.Kh2 Re8 33.h5 c5 34.Rd8 Rc7  0-1

[Event "CCSCSL Invitational"]
[Site "Saint Louis USA"]
[Date "2011.12.01"]
[Round "4.2"]
[White "Amanov,M"]
[Black "Young,An"]
[Result "1-0"]
[WhiteElo "2524"]
[BlackElo "2350"]

1.d4 d5 2.c4 c6 3.Nf3 dxc4 4.e3 Be6 5.a4 Nf6 6.Na3 Bd5 7.Nxc4 e6 8.Bd3 c5
9.O-O Nc6 10.Nce5 cxd4 11.Nxc6 bxc6 12.Nxd4 e5 13.e4 Nxe4 14.Nf3 f6 15.Nxe5 fxe5
16.Qh5+ Kd7 17.Bxe4 Bxe4 18.Qg4+ Kc7 19.Qxe4 Qd5 20.Qg4 h5 21.Qg5 e4 22.Bf4+ Kb7
23.Qg6 Rd8 24.a5 Bc5 25.a6+ Kb6 26.Qxg7 Kb5 27.b4 Bb6 28.Qc3 Bd4  1-0

[Event "25th Belgrade Trophy"]
[Site "Obrenovac SRB"]
[Date "2011.12.02"]
[Round "9.14"]
[White "Anton,T"]
[Black "Skare,G"]
[Result "1-0"]
[WhiteElo "2380"]
[BlackElo "2323"]

1.d4 d5 2.c4 c6 3.Nf3 Nf6 4.Qc2 e6 5.e3 Nbd7 6.Nc3 Bd6 7.g4 dxc4 8.Bxc4 b5
9.Be2 Bb7 10.Bd2 a6 11.g5 Nd5 12.Ne4 Be7 13.Nc5 Nxc5 14.dxc5 a5 15.O-O-O Qb8
16.Kb1 b4 17.Qc1 Qa7 18.e4 Nc7 19.Be3 Na6 20.Qc2 a4 21.Bxa6 Qxa6 22.Qd2 b3
23.Qd7+ Kf8 24.a3 Re8 25.Ne5 Bc8 26.Qc7 Qb7 27.Rd7 Qa8 28.Rd6 Bb7 29.Rg1 Rc8
30.Qb6 Bxd6 31.cxd6 c5 32.d7 Bxe4+ 33.Ka1 Rd8 34.Qxc5+ Kg8 35.Qe7 Bg6 36.Nc6 Rxd7
37.Qxd7 h5 38.gxh6 Kh7 39.Qxf7  1-0

[Event "TCh-CZE Extraliga 2011-12"]
[Site "Czech Republic CZE"]
[Date "2011.12.03"]
[Round "3.5"]
[White "Lipka,J"]
[Black "Bulski,K"]
[Result "1/2-1/2"]
[WhiteElo "2443"]
[BlackElo "2507"]

1.Nf3 d5 2.d4 Nf6 3.c4 c6 4.Qc2 dxc4 5.Qxc4 Bg4 6.Nbd2 Nbd7 7.g3 e6 8.Bg2 Be7
9.O-O O-O 10.Ne5 Bh5 11.Ndf3 Qb6 12.b3 a5 13.Be3 Qa6 14.Nd3 Rfd8 15.Rfc1 h6
16.Bd2 Ba3 17.Rd1 Bg6 18.Nfe1 Nb6 19.Qxa6 Rxa6 20.e3 Nbd5 21.Bf1 Ra7 22.f3 Nb4
23.Bc1 Bxc1 24.Rdxc1 Nxd3 25.Nxd3 Bxd3 26.Bxd3 e5 27.dxe5 Rxd3 28.exf6 gxf6
29.Re1 a4 30.Rad1 Rxd1 31.Rxd1 axb3 32.axb3 Ra3 33.Rd3 Kf8 34.g4 Ke7 35.Kf2 c5
36.Ke2 Ra2+ 37.Rd2 Ra3 38.Rd3 Ra2+ 39.Rd2 Ra3  1/2-1/2

[Event "TCh-CZE Extraliga 2011-12"]
[Site "Czech Republic CZE"]
[Date "2011.12.04"]
[Round "4.5"]
[White "Biolek,R2"]
[Black "Lipka,J"]
[Result "0-1"]
[WhiteElo "2464"]
[BlackElo "2443"]

1.d4 d5 2.Nf3 Nf6 3.c4 c6 4.g3 e6 5.Bg2 Be7 6.O-O O-O 7.Qc2 b6 8.Rd1 Ba6
9.b3 Nbd7 10.Bf4 Rc8 11.Nc3 Nh5 12.Bc1 f5 13.Bb2 Bd6 14.e3 Nhf6 15.Rac1 Qe7
16.Bf1 Bb7 17.Bg2 Ne4 18.a3 g5 19.b4 Bb8 20.Qb3 g4 21.Nd2 Ndf6 22.Ndxe4 fxe4
23.a4 a6 24.b5 dxc4 25.Qxc4 cxb5 26.Qe2 b4 27.Nb1 h5 28.Nd2 Rxc1 29.Rxc1 Qd7
30.Nc4 Qxa4 31.Nxb6 Qb5 32.Qxb5 axb5 33.Rc5 Bd5 34.Rxb5 Bd6 35.Bf1 Rb8 36.Nxd5 exd5
37.Rxb8+ Bxb8 38.Bb5 Kf7 39.h3 gxh3 40.Bf1 Nd7 41.Be2 Nf6 42.Bf1 h4 43.Bxh3 hxg3
44.Bc1 Ne8 45.Bd7 gxf2+ 46.Kxf2 Nd6 47.Ke2 Nc4 48.Ba4 Ke6 49.Kd1 Bg3 50.Ke2 Bh4
51.Bd2 Be7 52.Be1 Nb6 53.Bb3 Kd7 54.Bd2 Ke6 55.Kd1 Kf5 56.Kc2 Nc4 57.Bc1 Bg5
58.Kd1  0-1

[Event "TCh-AUT 2 Mitte 2011-12"]
[Site "Steyregg AUT"]
[Date "2011.12.04"]
[Round "6"]
[White "Knoll,H"]
[Black "Heimberger,R"]
[Result "1/2-1/2"]
[WhiteElo "2364"]
[BlackElo "2313"]

1.d4 d5 2.Nf3 c6 3.c4 Nf6 4.Nbd2 g6 5.e3 Bg7 6.Bd3 O-O 7.Qc2 Nbd7 8.O-O e5
9.dxe5 Ng4 10.cxd5 Ndxe5 11.Be2 Qxd5 12.h3 Nf6 13.e4 Nxf3+ 14.Bxf3 Qb5 15.Nc4 Be6
16.Nd6 Qb4 17.Rd1 Nd7 18.Be2 Be5 19.Nc4 Bxc4 20.Bxc4 Nb6 21.Bb3 c5 22.a3 Qb5
23.a4 Qc6 24.a5 c4 25.Ba2 Qa4 26.Qxa4 Nxa4 27.Bxc4 Nxb2 28.Bxb2 Bxb2 29.Rab1 Bc3
30.Rxb7 Bxa5 31.Rdd7 Bb6 32.Bxf7+ Kg7 33.Bd5+ Kf6 34.Rxh7 Rac8 35.Rbe7 Rc2
36.Rhf7+ Rxf7 37.Rxf7+ Ke5 38.g4 a5 39.Kg2 a4 40.Kg3 a3 41.f4+ Kd4 42.Rb7 Ba5
43.Rb1 Bc3 44.Kf3 a2  1/2-1/2

[Event "Chin Van Xanddorj GM"]
[Site "Ulaanbaatar MGL"]
[Date "2011.12.06"]
[Round "1"]
[White "Haznedaroglu,K"]
[Black "Khatanbaatar,B"]
[Result "1-0"]
[WhiteElo "2426"]
[BlackElo "2356"]

1.d4 d5 2.c4 c6 3.Nf3 Nf6 4.Nbd2 Bf5 5.Nh4 Bc8 6.e3 e6 7.Bd3 Nbd7 8.Nhf3 Be7
9.O-O O-O 10.b3 b6 11.Ne5 Bb7 12.f4 c5 13.Bb2 cxd4 14.exd4 Ne4 15.Qe2 Nxd2
16.Qxd2 Nf6 17.f5 exf5 18.Rxf5 g6 19.Rff1 Nd7 20.Nf3 Bf6 21.Qf2 a6 22.Rae1 dxc4
23.bxc4 b5 24.Ba3 Bxf3 25.Bxf8 Qxf8 26.Qxf3 Bxd4+ 27.Kh1 Ne5 28.Qe2 Rd8 29.Rd1 h5
30.cxb5 axb5 31.Bxb5 Qc5 32.Rf4 Rd6 33.a4 Be3 34.Rxd6 Bxf4 35.Rd8+ Kg7 36.g3 Bg5
37.Rd1 h4 38.gxh4 Bxh4 39.Qe4 Bf6 40.Rf1 Be7 41.Be2 Bd6 42.Bf3 Bc7 43.Bg2 Bb6
44.Qd5 Qc3 45.Qd6 Bc7 46.Qf6+ Kh7 47.Rf4 Qc1+ 48.Bf1 g5 49.Qxg5 Qc6+ 50.Qg2 Qh6
51.Bd3+ Kh8 52.Qe4 Ng6 53.Qe8+ Nf8 54.Rh4  1-0

[Event "2nd JAHV McGregor Open"]
[Site "Bogota COL"]
[Date "2011.12.09"]
[Round "7"]
[White "Ovalles,O"]
[Black "Zabala,Fidel"]
[Result "1-0"]
[WhiteElo "2175"]
[BlackElo "2005"]

1.d4 d5 2.c4 c6 3.Nf3 Nf6 4.Qc2 e6 5.Nbd2 Nbd7 6.g3 b6 7.Bg2 Bb7 8.O-O Rc8
9.e4 dxc4 10.Nxc4 c5 11.d5 b5 12.dxe6 fxe6 13.e5 Be4 14.Qe2 bxc4 15.exf6 Nxf6
16.Ng5 Qd3 17.Qe1 Bf5 18.Nxe6 Kd7 19.Nxf8+ Rhxf8 20.Bf4 Qc2 21.Qe5 Ne4 22.Bxe4 Bxe4
23.Qd6+ Ke8 24.Qe6+ Kd8 25.Rad1+ Bd3 26.Qd6+  1-0

[Event "Sportaccord WMG Rapid w"]
[Site "Beijing CHN"]
[Date "2011.12.11"]
[Round "6"]
[White "Cmilyte,V"]
[Black "Danielian,E"]
[Result "1-0"]
[WhiteElo "2503"]
[BlackElo "2497"]

1.Nf3 d5 2.d4 c6 3.c4 dxc4 4.e3 Be6 5.Nbd2 b5 6.a4 Qa5 7.Be2 Nf6 8.O-O h6
9.Qc2 Nbd7 10.Ra3 Qc7 11.e4 Nb6 12.Ne5 g6 13.Nxc6 Qxc6 14.d5 Nbxd5 15.exd5 Bxd5
16.axb5 Qb7 17.Nxc4 Bg7 18.Ne3 Be4 19.Qa4 O-O 20.Bd2 Nd7 21.Bc3 Nb6 22.Qb4 Bxc3
23.bxc3 Rfd8 24.c4 Rd4 25.f3 Nd5 26.Nxd5 Bxd5 27.Qc3 Qb6 28.c5 Qf6 29.c6 a6
30.c7 Bb7 31.bxa6 Bc8 32.Rb1 Kg7 33.a7 Be6 34.Qc6 Bd5 35.Qxf6+ Kxf6 36.Rb8  1-0

[Event "2nd JAHV McGregor Open"]
[Site "Bogota COL"]
[Date "2011.12.11"]
[Round "9"]
[White "Cordova,E"]
[Black "Gomez Garrido,C"]
[Result "1-0"]
[WhiteElo "2538"]
[BlackElo "2537"]

1.d4 d5 2.Nf3 c6 3.c4 dxc4 4.g3 Nf6 5.Bg2 e6 6.Nc3 a6 7.O-O b5 8.e4 Bb7 9.e5 Nd5
10.Ng5 h6 11.Qh5 g6 12.Qh3 Nd7 13.Re1 Nxc3 14.bxc3 Be7 15.Nxe6 fxe6 16.Qxe6 Nf8
17.Bxc6+ Bxc6 18.Qxc6+ Kf7 19.a4 Rc8 20.Qxa6 b4 21.d5 bxc3 22.Bf4 Rh7 23.e6+ Kg8
24.d6 g5 25.Be5 Ng6 26.dxe7 Qe8 27.Bxc3 Rxe7 28.Rad1 Nf8 29.Rd6 Ra8 30.Qb6 Qxa4
31.Qd4 Ng6 32.Ra1 Qa2  1-0

[Event "FSFMB December 2011"]
[Site "Budapest HUN"]
[Date "2011.12.11"]
[Round "9"]
[White "Breen,Anthony"]
[Black "Csetneki,M"]
[Result "0-1"]
[WhiteElo "1659"]
[BlackElo "1679"]

1.d4 d5 2.c4 c6 3.Nf3 Nf6 4.Qc2 dxc4 5.Qxc4 e6 6.Nc3 b5 7.Qd3 Be7 8.g3 O-O
9.Ne5 Bb7 10.Bg2 Qb6 11.Be3 Qc7 12.O-O a6 13.Bf4 Bd6 14.Ne4 Nd5 15.Ng5 g6
16.Bxd5 exd5 17.Qf3 Qe7 18.Nd3 Bxf4 19.gxf4 h6 20.Nh3 Bc8 21.e3 Qh4 22.Kg2 Bf5  0-1

[Event "78th ch-BRA"]
[Site "Campinas BRA"]
[Date "2011.12.11"]
[Round "2"]
[White "El Debs,F"]
[Black "Leitao,R"]
[Result "0-1"]
[WhiteElo "2477"]
[BlackElo "2626"]

1.Nf3 d5 2.d4 Nf6 3.c4 c6 4.Qb3 e6 5.g3 dxc4 6.Qxc4 b5 7.Qd3 Bb7 8.Bg2 Nbd7
9.O-O a6 10.Nfd2 Qb6 11.a4 Rd8 12.axb5 cxb5 13.Bxb7 Qxb7 14.Qf3 Qb6 15.Nb3 Bb4
16.Bd2 Bxd2 17.N1xd2 O-O 18.Ra5 e5 19.Rfa1 Ra8 20.e3 Rfe8 21.Ne4 Nxe4 22.Qxe4 exd4
23.Qxd4 Qb7 24.Nc5 Nxc5 25.Qxc5 Rac8 26.Qf5 g6 27.Qf6 Re6 28.Qd4 Qf3 29.Qf4 Qe2
30.b3 Rd8 31.Kg2 Rdd6 32.R1a2 Qd3 33.b4 Kg7 34.Qf3 h5 35.h4 Rf6 36.Qb7 Rc6
37.Rb2 Qe4+ 38.Kh2 Qe5 39.Raa2 Rc4 40.Kg2 Rfc6 41.Qa7 Qe4+ 42.Kh2 Qf3  0-1

[Event "71st ch-ITA 3rd-4th 2011"]
[Site "Perugia ITA"]
[Date "2011.12.11"]
[Round "1"]
[White "Brunello,S"]
[Black "Ortega,Le"]
[Result "1-0"]
[WhiteElo "2575"]
[BlackElo "2478"]

1.d4 d5 2.c4 c6 3.Nf3 Nf6 4.Qc2 dxc4 5.Qxc4 Bf5 6.g3 e6 7.Bg2 Be7 8.O-O O-O
9.Nc3 b5 10.Qb3 b4 11.Na4 Nbd7 12.Bf4 Rc8 13.Rfd1 Be4 14.Ne5 Bxg2 15.Kxg2 Qa5
16.Nxd7 Nxd7 17.Rac1 Qb5 18.Rd2 c5 19.Nxc5 e5 20.Nxd7 Rxc1 21.Nxe5 a5 22.d5 a4
23.Qd3 Qxd3 24.Nxd3 Rc4 25.Ne5 Rc1 26.Nc6 Bc5 27.d6 Bxf2 28.Ne7+ Kh8 29.Kxf2 f6
30.Rd4 Rc2 31.Rxb4 g5 32.Be3 Rd8 33.Bd4  1-0

[Event "71st ch-ITA 2011"]
[Site "Perugia ITA"]
[Date "2011.12.11"]
[Round "11"]
[White "Brunello,S"]
[Black "Ortega,Le"]
[Result "1/2-1/2"]
[WhiteElo "2575"]
[BlackElo "2478"]

1.d4 d5 2.c4 c6 3.Nf3 Nf6 4.Qc2 dxc4 5.Qxc4 Bf5 6.g3 e6 7.Bg2 Be7 8.O-O O-O
9.Rd1 Nbd7 10.e3 Rc8 11.Qe2 h6 12.Nc3 Ne4 13.Nd2 Nxc3 14.bxc3 Bc2 15.Re1 Bh7
16.a4 Qc7 17.Ba3 Bxa3 18.Rxa3 c5 19.Rea1 Rfd8 20.Ne4 e5 21.a5 Bxe4 22.Bxe4 Nf6
23.Bf5 Rb8 24.Qc4 Qe7 25.Qxc5 Qxc5 26.dxc5 g6 27.Bh3 Rd5 28.a6 Rxc5 29.axb7 Rxb7
30.Rxa7 Rxa7 31.Rxa7 Rxc3 32.Bf1 Rc2 33.Bd3 Rc1+ 34.Kg2 e4 35.Be2 Rc2 36.Kf1 Nd5
37.Rd7 Nf6 38.Rb7 Kg7 39.Bd1 Rd2 40.Bb3 Rd7  1/2-1/2

[Event "3rd Balkan GP Individual"]
[Site "Podgorica MNE"]
[Date "2011.12.13"]
[Round "3"]
[White "Miron,L"]
[Black "Ivanisevic,I"]
[Result "1-0"]
[WhiteElo "2513"]
[BlackElo "2636"]

1.d4 d5 2.c4 c6 3.Nf3 Nf6 4.Qb3 e6 5.Bg5 Nbd7 6.e3 Qa5+ 7.Nc3 Ne4 8.Bh4 g5
9.Bg3 h5 10.h3 Bg7 11.Bh2 g4 12.Nd2 Nxd2 13.Kxd2 b5 14.cxd5 exd5 15.hxg4 Nb6
16.gxh5 b4 17.Nd1 Rxh5 18.Rc1 Ba6 19.Rc5 Bb5 20.Bxb5 cxb5 21.Ke2 Rd8 22.Qd3 Bf8
23.g4 Rh3 24.Rc7 Nc4 25.Qf5 Be7 26.Rxe7+ Kxe7 27.Bc7 Qxc7 28.Rxh3 Qc6 29.Rh7 Nd6
30.Qe5+ Kd7 31.Rh5 Rc8 32.Qxd5 Qc1 33.Rh1 Rc2+ 34.Kf3 Rxb2 35.e4 Rd2 36.e5 Qc6
37.Qxc6+ Kxc6 38.exd6 Rxa2 39.Ne3 b3 40.Rb1 b2 41.Ke2 a5 42.Nd1 Ra4 43.d5+ Kxd6
44.Rxb2 Re4+ 45.Ne3 Kc5 46.Rc2+ Kb4 47.Kd3 Re8 48.Rc7 Kb3 49.Nc2 b4 50.Ra7 Ka4
51.Nd4 Rb8 52.Kc2 Rc8+ 53.Nc6 Kb5 54.Kb3 Rg8 55.Rxa5+ Kb6 56.f3 f5 57.gxf5 Rg3
58.Kxb4 Rxf3 59.Rb5+ Ka6 60.Nd4  1-0

[Event "UTD GM Invitational"]
[Site "Richardson USA"]
[Date "2011.12.17"]
[Round "4"]
[White "Chirila,I"]
[Black "Iotov,V"]
[Result "1-0"]
[WhiteElo "2523"]
[BlackElo "2576"]

1.d4 d5 2.c4 c6 3.Nf3 Nf6 4.Nbd2 Bf5 5.Nh4 Be4 6.Qb3 Qc7 7.f3 Bg6 8.g4 e6
9.e4 Be7 10.cxd5 cxd5 11.Nxg6 hxg6 12.e5 Nfd7 13.f4 Nc6 14.Nf3 O-O-O 15.Be3 Kb8
16.Rc1 Rc8 17.Bd3 Qb6 18.Qxb6 Nxb6 19.b3 Ba3 20.Rd1 Nb4 21.Bb1 Nc2+ 22.Kf2 Nxe3
23.Kxe3 Rc3+ 24.Kf2 Nc8 25.h4 Ne7 26.h5 Rhc8 27.h6 gxh6 28.Rxh6 Rf8 29.Ng1 Rcc8
30.Ne2 f5 31.exf6 Rxf6 32.g5 Rff8 33.Bxg6 Bd6 34.Kf3 e5 35.dxe5 Bxe5 36.Bd3 Nc6
37.Kg4 Bb2 38.Bf5 Rc7 39.Rh7 Ne7 40.Bd3 Nc6 41.Rxc7 Kxc7 42.Ng1 Nd4 43.Re1 Kd6
44.Nh3 Nc6 45.g6 Bc3 46.Re2 Nb4 47.Bf5 Nc6 48.Bd3 Nb4 49.Bb1 d4 50.Ng5 d3
51.Ne4+ Kc6 52.Re3 Nd5 53.Rf3 d2 54.Nxc3  1-0

[Event "XXII Cajacanarias Christmas"]
[Site "Santa Cruz de Tenerife ESP"]
[Date "2011.12.18"]
[Round "1"]
[White "Kurajica,B"]
[Black "Cabrera Hernandez,Saul"]
[Result "1-0"]
[WhiteElo "2532"]
[BlackElo "1685"]

1.d4 d5 2.c4 c6 3.Nf3 Nf6 4.Qb3 a6 5.Nc3 e6 6.Bg5 Be7 7.e3 O-O 8.Bd3 b5 9.cxd5 cxd5
10.a4 b4 11.Ne2 Nc6 12.Bxf6 Bxf6 13.Qc2 Bd7 14.Bxh7+ Kh8 15.Bd3 Qb6 16.Qd1 g6
17.Nf4 Kg7 18.b3 Rh8 19.Be2 Be7 20.Nd3 Na5 21.Rc1 Nb7 22.Nfe5 Be8 23.Qc2  1-0

[Event "78th ch-BRA"]
[Site "Campinas BRA"]
[Date "2011.12.20"]
[Round "11"]
[White "El Debs,F"]
[Black "Matsuura,E"]
[Result "1-0"]
[WhiteElo "2477"]
[BlackElo "2487"]

1.Nf3 d5 2.d4 Nf6 3.c4 c6 4.Qb3 dxc4 5.Qxc4 Bg4 6.Nc3 Bxf3 7.gxf3 g6 8.Bg5 Bg7
9.e3 Nbd7 10.Bg2 e5 11.O-O-O Qa5 12.dxe5 Nxe5 13.Qh4 Ned7 14.Rd6 O-O 15.Rhd1 Nd5
16.Qa4 Qxa4 17.Nxa4 N7b6 18.Nxb6 axb6 19.Kb1 Ra5 20.f4 Rb5 21.Rd2 Nc3+ 22.Ka1 Na4
23.Bf6 Bxf6 24.Rxf6 Rc5 25.Kb1 Rh5 26.h3 Nc5 27.Rfd6 Re8 28.Rd8 Kf8 29.b4 Ne6
30.R8d7 Re7 31.Kb2 Ke8 32.Rxb7 Rxb7 33.Bxc6+ Ke7 34.Bxb7 Rxh3 35.a4 Rh5 36.Bc6 Nf8
37.Bf3 Rf5 38.Kb3 h5 39.Rd5 Rxd5 40.Bxd5 Ne6 41.a5 bxa5 42.bxa5 Kd6 43.Kc4 Kc7
44.Bg2 h4 45.Kd5 Ng7 46.Ke5 Nh5 47.f5 f6+ 48.Ke6  1-0

[Event "FIDE Women's World Teams"]
[Site "Mardin TUR"]
[Date "2011.12.20"]
[Round "3"]
[White "Javakhishvili,L"]
[Black "Hoang Thi Bao Tram"]
[Result "0-1"]
[WhiteElo "2475"]
[BlackElo "2341"]

1.d4 d5 2.c4 c6 3.Nf3 Nf6 4.Qc2 g6 5.Bf4 dxc4 6.Qxc4 Be6 7.Qc1 Bg7 8.Nc3 Bg4
9.e4 Bxf3 10.gxf3 Nh5 11.Be5 Bxe5 12.dxe5 Nd7 13.f4 e6 14.h4 Qb6 15.Be2 Nc5
16.Rh3 O-O-O 17.Rb1 Rd4 18.Qe3 Rhd8 19.Kf1 Nd3 20.Bxd3 Rxd3 21.Qxb6 axb6
22.Rxd3 Rxd3 23.Ne2 Kc7 24.Kg2 b5 25.f3 b4 26.Kf2 c5 27.f5 exf5 28.exf5 gxf5
29.Rg1 h6 30.e6 fxe6 31.Rg6 Rd2 32.Rxh6 Nf4 33.Ke3 Rxe2+ 34.Kxf4 Rxb2 35.Rxe6 Rxa2
36.Re1 b3 37.Kxf5 Rh2 38.Ke5 Kc6 39.f4 Rxh4 40.f5 Rh2 41.f6 Rf2 42.Rc1 b2
43.Rb1 b5 44.Ke4 Rxf6 45.Rxb2 Rd6 46.Ra2 Kb6 47.Ke5 Rd8  0-1

[Event "XXII Cajacanarias Christmas"]
[Site "Santa Cruz de Tenerife ESP"]
[Date "2011.12.20"]
[Round "3"]
[White "Kurajica,B"]
[Black "Hernandez Leon,A"]
[Result "1-0"]
[WhiteElo "2532"]
[BlackElo "2243"]

1.Nf3 d5 2.d4 Nf6 3.c4 c6 4.Qb3 dxc4 5.Qxc4 b5 6.Qc2 e6 7.e4 Bb7 8.Nbd2 Nbd7
9.a3 Qb6 10.b4 a5 11.Rb1 axb4 12.axb4 e5 13.Nxe5 Nxe5 14.dxe5 Ng4 15.Nf3 Ra4
16.h3 Bxb4+ 17.Rxb4 Rxb4 18.hxg4 c5 19.Bd3 O-O 20.O-O c4 21.Be2 Ra4 22.Be3 Qa5
23.Nd4 Ra2 24.Qb1 Rc8 25.Nxb5 Rxe2 26.Nd4 Bxe4 27.Qxe4 Re1 28.Rxe1 Qxe1+
29.Kh2 Qa5 30.e6 f6 31.Nf5 Qc7+ 32.Bf4 Qa7 33.e7  1-0

[Event "48th Groningen Open A"]
[Site "Groningen NED"]
[Date "2011.12.21"]
[Round "1.2"]
[White "Meng,R"]
[Black "Romanov,E"]
[Result "0-1"]
[WhiteElo "2283"]
[BlackElo "2627"]

1.d4 Nf6 2.Nf3 d5 3.c4 c6 4.Nbd2 Bf5 5.g3 e6 6.Bg2 h6 7.O-O Be7 8.b3 O-O
9.Bb2 Nbd7 10.Ne5 Bh7 11.Rc1 a5 12.a3 Nxe5 13.dxe5 Nd7 14.e4 Nc5 15.Qe2 dxe4
16.Nxe4 Qd3 17.Rce1 Qxe2 18.Rxe2 Rfd8 19.Re3 Bxe4 20.Bxe4 Nxe4 21.Rxe4 Rd3
22.Re3 Rad8 23.Bc3 Rxe3 24.fxe3 Rd3 25.Bxa5 Rxb3 26.Kf2 Bxa3 27.Ke2 Rb2+
28.Kd3 Rxh2 29.Ra1 Bc5 30.Rb1 Rg2 31.Rxb7 Rxg3 32.Bd2 h5 33.Ke2 Rg2+ 34.Kd3 h4
35.Rb1 h3 36.Rh1 h2 37.Be1 Rg1  0-1

[Event "FIDE Women's World Teams"]
[Site "Mardin TUR"]
[Date "2011.12.21"]
[Round "4"]
[White "Sachdev,T"]
[Black "Galojan,L"]
[Result "1-0"]
[WhiteElo "2428"]
[BlackElo "2383"]

1.d4 d5 2.c4 c6 3.Nf3 Nf6 4.Qc2 dxc4 5.Qxc4 Bf5 6.g3 g6 7.Nc3 Bg7 8.Bg2 O-O
9.O-O Nbd7 10.e3 Ne4 11.Rd1 a5 12.Qe2 Nb6 13.Nh4 Nxc3 14.bxc3 Be6 15.e4 Bc4
16.Qc2 Qc7 17.Nf3 Nd7 18.Be3 b5 19.Nd2 Nb6 20.Nxc4 Nxc4 21.Bg5 h6 22.Bc1 Rfd8
23.Bf1 Nb6 24.Bf4 Qd7 25.Rab1 Rac8 26.h4 h5 27.Kh2 e6 28.c4 Nxc4 29.Bxc4 bxc4
30.Qxc4 Kh7 31.Bg5 Rf8 32.Rb6 e5 33.d5 cxd5 34.Qxd5 Qxd5 35.exd5 f6 36.Be3 Rfd8
37.Ra6 Rd7 38.Rxa5 Bh6 39.Ra7 Rd8 40.Rxd7+ Rxd7 41.Bb6 Bf8 42.a4 Bd6 43.a5 Bb8
44.a6 Kg7 45.d6 Kf7 46.a7  1-0

[Event "Cracovia Comarch Cup"]
[Site "Krakow POL"]
[Date "2011.12.27"]
[Round "1.4"]
[White "Cernousek,L"]
[Black "Kasparov,S"]
[Result "1-0"]
[WhiteElo "2438"]
[BlackElo "2521"]

1.d4 Nf6 2.c4 c6 3.Nf3 d5 4.g3 Bf5 5.Nc3 Qb6 6.c5 Qd8 7.b4 a6 8.Bg2 h6 9.h3 Ne4
10.Qb3 e6 11.g4 Bh7 12.Bf4 Nd7 13.O-O g5 14.Bh2 Bg7 15.e3 O-O 16.Nxe4 Bxe4
17.Bd6 Re8 18.Ne5 Bxg2 19.Kxg2 f6 20.Nxd7 Qxd7 21.f4 a5 22.bxa5 Rxa5 23.a4 Rea8
24.Rfb1 b5 25.cxb6 Qxd6 26.b7 Rb8 27.Qb6 gxf4 28.Qxa5 fxe3 29.Qe1 Qf4 30.Qg3 Qe4+
31.Kh2 e5 32.a5 Qxd4 33.a6 Qa7 34.Rc1 Bf8 35.Rxc6 Rxb7 36.axb7 Qxb7 37.Rac1 d4
38.Qg2 d3 39.Qd5+  1-0

[Event "Cracovia Open A"]
[Site "Krakow POL"]
[Date "2011.12.28"]
[Round "2.33"]
[White "Janus,P"]
[Black "Polajzer,D"]
[Result "0-1"]
[WhiteElo "2162"]
[BlackElo "2301"]

1.d4 d5 2.c4 c6 3.Nf3 Nf6 4.Qc2 g6 5.Nbd2 Bg7 6.e3 O-O 7.b3 Na6 8.a3 Bf5
9.Bd3 Bxd3 10.Qxd3 c5 11.Bb2 cxd4 12.Bxd4 dxc4 13.Nxc4 Nc5 14.Qd1 Nfe4 15.O-O Rc8
16.Rc1 Qd5 17.b4 Ne6 18.Bxg7 Qxd1 19.Rfxd1 Kxg7 20.Kf1 Rfd8 21.Na5 Rxd1+
22.Rxd1 b6 23.Nb3 Rc3 24.Nbd2 Nxd2+ 25.Rxd2 Rxa3 26.Ne5 a5 27.bxa5 bxa5 28.Rd7 Ra1+
29.Ke2 Ra2+ 30.Ke1 Ra1+ 31.Ke2 Ra2+ 32.Ke1 Kf8 33.Nc6 a4 34.Ra7 a3 35.Nd4 Nc5
36.Nb5 Nd3+ 37.Kf1 Rxf2+ 38.Kg1 Rb2  0-1

[Event "Cracovia Comarch Cup"]
[Site "Krakow POL"]
[Date "2011.12.29"]
[Round "3.3"]
[White "Cernousek,L"]
[Black "Velicka,P"]
[Result "1/2-1/2"]
[WhiteElo "2438"]
[BlackElo "2472"]

1.d4 d5 2.Nf3 Nf6 3.g3 c6 4.c4 dxc4 5.Bg2 b5 6.Ne5 Bb7 7.a4 a6 8.b3 Nbd7
9.O-O Nxe5 10.dxe5 Qxd1 11.Rxd1 Nd5 12.bxc4 bxc4 13.Na3 c3 14.Rb1 Bc8 15.Rxd5 cxd5
16.Bxd5 Ra7 17.Bc6+ Kd8 18.Be3 Kc7 19.Bxa7 Kxc6 20.Rb6+ Kc7 21.Rb3 e6 22.Bb8+ Kd7
23.Nc4 Bb4 24.Rxb4 c2 25.Nb6+ Kc6 26.Rc4+ Kxb6 27.Bc7+ Kb7 28.Rxc2 Bd7 29.Bd6 Rc8
30.Rb2+ Ka7 31.a5 Bb5 32.f3 Kb7 33.Kf2 Rc4 34.g4 h5 35.gxh5 Rh4 36.Kg3 Rxh5
37.Rc2 Bc6 38.Rb2+ Bb5 39.Rc2 Bc6 40.Rc4 Rg5+ 41.Rg4 Rxg4+ 42.fxg4 Kc8 43.Kf4 Kd7
44.Bf8 g6 45.Kg5 Bb5 46.e4 Bd3 47.h4 Bxe4 48.h5 gxh5 49.gxh5 f5 50.Bc5 Bc2
51.Kf6 f4 52.Bf2 Bf5 53.h6 Kc6 54.Kg5 f3 55.Bg3 Kb5 56.Be1 Kc4 57.Kf4 Kd5
58.Bg3 Kc6 59.Kxf3 Kd7 60.Ke3 Ke8  1/2-1/2

[Event "Cracovia Open A"]
[Site "Krakow POL"]
[Date "2011.12.30"]
[Round "4.39"]
[White "Krasenkova,I"]
[Black "Jablonska,S"]
[Result "0-1"]
[WhiteElo "2131"]
[BlackElo "1910"]

1.d4 d5 2.c4 c6 3.Nf3 Nf6 4.Qb3 dxc4 5.Qxc4 Bf5 6.g3 e6 7.Bg2 Nbd7 8.O-O Be7
9.Nbd2 O-O 10.Qb3 Qb6 11.Nc4 Qxb3 12.axb3 Be4 13.Bf4 Rfd8 14.Bc7 Rdc8 15.Bd6 Kf8
16.Nfe5 Bxg2 17.Kxg2 b5 18.Bxe7+ Kxe7 19.Na5 Nxe5 20.dxe5 Nd7 21.f4 Rc7 22.Rac1 c5
23.Rfd1 Rb8 24.Rd6 Rb6 25.Rcd1 f6 26.b4 c4 27.exf6+ gxf6 28.R6d4 f5 29.h3 Nf6
30.Kf3 Nd5 31.e4 Nxb4 32.exf5 exf5 33.g4 Ra6 34.Re1+ Kf7 35.Re5 fxg4+ 36.hxg4 Rxa5
37.Rf5+ Ke8 38.Re5+ Re7 39.Rc5 Nd3 40.Rc8+ Kf7 41.Rdd8 Ra1 42.Rf8+ Ke6 43.f5+ Ke5
44.Rb8 a6 45.Rb6 Nxb2 46.Rc8 Nd3 47.Rcc6 Ne1+ 48.Kf2 Kf4 49.Re6 Nd3+ 50.Ke2  0-1

[Event "Cracovia Open A"]
[Site "Krakow POL"]
[Date "2011.12.31"]
[Round "5.10"]
[White "Baryshpolets,A"]
[Black "Gbyl,A"]
[Result "1-0"]
[WhiteElo "2477"]
[BlackElo "2247"]

1.d4 d5 2.c4 c6 3.Nf3 Nf6 4.Qc2 g6 5.Bf4 Bf5 6.Qb3 Qb6 7.e3 Nbd7 8.Nc3 Bg7
9.h3 O-O 10.Be2 h6 11.O-O Qxb3 12.axb3 a6 13.cxd5 cxd5 14.b4 Rfc8 15.g4 Be4
16.Nd2 g5 17.Bh2 Bh7 18.Nb3 e5 19.dxe5 Ne4 20.Nxd5 Rc2 21.Nd4 Rxb2 22.f4 Rd8
23.Rad1 Nd2 24.Rf2 Nxe5 25.Ne7+ Kf8 26.Nef5 Bxf5 27.fxe5 Ne4 28.Rxf5 Rxd4
29.Rxd4  1-0

[Event "Cracovia Open A"]
[Site "Krakow POL"]
[Date "2012.01.02"]
[Round "6.37"]
[White "Janus,P"]
[Black "Khamidov,K"]
[Result "1-0"]
[WhiteElo "2162"]
[BlackElo "2056"]

1.d4 d5 2.c4 c6 3.Nf3 Nf6 4.Qc2 dxc4 5.Qxc4 Bf5 6.g3 e6 7.Bg2 Nbd7 8.O-O Be7
9.Nc3 O-O 10.Bg5 Nb6 11.Qb3 Ne4 12.Bxe7 Qxe7 13.Rfd1 Nxc3 14.Qxc3 Be4 15.Ne5 Bxg2
16.Kxg2 Rfd8 17.e4 f6 18.Nd3 Na4 19.Qc4 Nb6 20.Qc5 Qd7 21.Nf4 g5 22.Nh5 Kf7
23.Rd3 Kg6 24.g4 f5 25.Qe5 Rf8 26.gxf5+ exf5 27.Ng3 fxe4 28.Qxe4+ Kh6 29.h4 Rae8
30.hxg5+ Kxg5 31.Rf3 Rxe4 32.Nxe4+ Kh6 33.Rg3 Rxf2+ 34.Nxf2 Qd5+ 35.Kg1 Qd6
36.Rg4 Nc4 37.Re1 Nd2 38.Re3 Qh2+ 39.Kxh2 Nf1+ 40.Kg1 Nxe3  1-0

[Event "Cracovia Open A"]
[Site "Krakow POL"]
[Date "2012.01.02"]
[Round "7.4"]
[White "Malaniuk,V"]
[Black "Hnydiuk,A"]
[Result "1-0"]
[WhiteElo "2504"]
[BlackElo "2431"]

1.d4 d5 2.c4 c6 3.Nf3 Nf6 4.Qc2 dxc4 5.Qxc4 Bf5 6.g3 e6 7.Bg2 Nbd7 8.O-O Be7
9.e3 O-O 10.Rd1 Qc7 11.h3 h6 12.Nc3 Rad8 13.Qe2 Bh7 14.e4 Bb4 15.Bf4 Qa5
16.Nd2 Bxc3 17.bxc3 Qxc3 18.Bd6 Rfe8 19.Nb3 Nxe4 20.Bxe4 Bxe4 21.Qxe4 Nf6
22.Qe5 Nd5 23.Ba3 Qf3 24.Re1 a5 25.Qe2 Qxe2 26.Rxe2 a4 27.Na5 Nc3 28.Re3 Nb5
29.Nxb7 Rxd4 30.Bc5 Rd5 31.Rc1 Ra8 32.Bb4 a3 33.Nc5 Rd4 34.Rb3 Rad8 35.Kg2 Rd1
36.Rbb1 Rxc1 37.Rxc1 Rd4 38.Be1 Rd5 39.Nb3 Rd6 40.Bb4 Rd3 41.Rxc6  1-0

[Event "Northern California International"]
[Site "Fremont USA"]
[Date "2012.01.03"]
[Round "3"]
[White "Macieja,B"]
[Black "Coleman,T"]
[Result "1/2-1/2"]
[WhiteElo "2617"]
[BlackElo "2356"]

1.Nf3 d5 2.d4 Nf6 3.c4 c6 4.Qb3 dxc4 5.Qxc4 Bg4 6.Nc3 Nbd7 7.e4 Bxf3 8.gxf3 e5
9.Be3 exd4 10.Bxd4 Bd6 11.O-O-O Qc7 12.Ne2 O-O 13.Qc2 Rad8 14.Kb1 Nh5 15.Be3 Ndf6
16.Bg2 Rfe8 17.h4 a6 18.a3 Rb8 19.Rd3 c5 20.Rc1 b6 21.Bf1 Bf8 22.Rd2 Qh2
23.Qd3 Qh1 24.Bg5 h6 25.Bxf6 Nxf6 26.Ng3 Qxh4 27.Qxa6 Qf4 28.Qd3 b5 29.Qe3 Qxe3
30.fxe3 g6 31.Ne2 h5 32.Nf4 c4 33.Nd5 Nxd5 34.Rxd5 Bh6 35.Rc3 Bg7 36.Rc2 Bh6
37.Rc3 Bg7 38.Rc2 Bh6  1/2-1/2

[Event "2nd Mantova Open A 2012"]
[Site "Mantova ITA"]
[Date "2012.01.03"]
[Round "2"]
[White "Arnaudov,G"]
[Black "Gilevich,A"]
[Result "1/2-1/2"]
[WhiteElo "2473"]
[BlackElo "2279"]

1.Nf3 Nf6 2.c4 c6 3.d4 d5 4.Qc2 g6 5.Bf4 Bg7 6.e3 O-O 7.Nc3 a5 8.h3 Na6 9.a3 c5
10.Rd1 cxd4 11.Nxd4 e6 12.Be2 Bd7 13.cxd5 Nxd5 14.Nxd5 exd5 15.Qb3 Bc6 16.O-O Nc5
17.Qc2 Ne6 18.Nxc6 bxc6 19.Qxc6 Nxf4 20.exf4 Bxb2 21.Bf3 Qh4 22.f5 Rac8 23.Qxd5 Bxa3
24.Qxa5 Bb2 25.Rd7 Bd4 26.fxg6 hxg6 27.Bg4 Rcd8 28.Rb7 Rd6 29.Qb4 Rfd8 30.Qb3 Rf6
31.g3 Qg5 32.Rb5 Qd2 33.Bf3 Rc8 34.Rb8 Rxb8 35.Qxb8+ Kg7 36.Qb3 Rb6 37.Qd1 Rb2
38.Qxd2 Rxd2 39.h4 f5 40.Kg2 Kf6 41.Bc6 Rc2 42.Bd7 Rd2 43.Bc6 Rc2 44.Bf3 g5
45.hxg5+ Kxg5 46.Bd5 Rd2 47.Bg8 Bxf2 48.Rxf2 Rxf2+ 49.Kxf2  1/2-1/2